000 00298nam a2200133 i 4500
001 bg
100 1 _aMICHALSKI, R.
245 0 _aSiłownie okrętowe /
_cR. Michalski.
260 _aSzczecin,
_c1987.
040 _cBPK
041 _apol
942 _cKS
008 s pl f |000 0 pol
999 _c10235
_d10235
856 _uhttp://koha.tu.koszalin.pl/cgi-bin/koha/opac-detail.pl?biblionumber=10235
_yKatalog online BPK